Fourth Periodic Monitoring Report on the Status of Implementation Plans in Response to Board-Endorsed IEO Recommendations.

Fourth Periodic Monitoring Report on the Status of Implementation Plans in Response to Board-Endorsed IEO Recommendations.

Dettagli Bibliografici
Ente Autore: International Monetary Fund
Natura: Periodico
Lingua:English
Pubblicazione: Washington, D.C. : International Monetary Fund, 2011.
Serie:Policy Papers; Policy Paper ; No. 2011/091
Soggetti:
PP
Accesso online:Full text available on IMF
LEADER 01229cas a2200253 a 4500
001 AALejournalIMF020262
008 230101c9999 xx r poo 0 0eng d
020 |c 5.00 USD 
020 |z 9781498339186 
022 |a 2663-3493 
040 |a BD-DhAAL  |c BD-DhAAL 
110 2 |a International Monetary Fund. 
245 1 0 |a Fourth Periodic Monitoring Report on the Status of Implementation Plans in Response to Board-Endorsed IEO Recommendations. 
264 1 |a Washington, D.C. :  |b International Monetary Fund,  |c 2011. 
300 |a 1 online resource (10 pages) 
490 1 |a Policy Papers 
500 |a <strong>Off-Campus Access:</strong> No User ID or Password Required 
500 |a <strong>On-Campus Access:</strong> No User ID or Password Required 
506 |a Electronic access restricted to authorized BRAC University faculty, staff and students 
520 3 |a Fourth Periodic Monitoring Report on the Status of Implementation Plans in Response to Board-Endorsed IEO Recommendations. 
538 |a Mode of access: Internet 
650 7 |a PP  |2 imf 
830 0 |a Policy Papers; Policy Paper ;  |v No. 2011/091 
856 4 0 |z Full text available on IMF  |u http://elibrary.imf.org/view/journals/007/2011/091/007.2011.issue-091-en.xml  |z IMF e-Library